Barry´s introduction to construction of buildings

Na minha lista:
Detalhes bibliográficos
Main Authors: Emmitt, Stephen (Author), Gorse, Christopher (Author)
Formato: Livro
Idioma:inglês
Publicado em: Oxford : Blackwell Publishing, 2005
Tags: Adicionar Tag
Sem tags, seja o primeiro a adicionar uma tag!

MARC

LEADER 00000nam a22000003a 4500
001 stu178039
005 20150617230042.9
008 090119s2005----uk------------------eng-d
020 |a 1-4051-1055-4 
040 |a STU  |b slo 
041 0 |a eng 
044 |a uk 
080 |a 690 
100 1 |a Emmitt, Stephen  |4 aut 
245 1 |a Barry´s introduction to construction of buildings 
260 |a Oxford :  |b Blackwell Publishing,  |c 2005 
300 |a 11,715 s 
700 1 |a Gorse, Christopher  |4 aut 
996 |c V*50459/O-22544  |l VV8  |s P  |a 0  |w stu178039_0001 
996 |b 284V037348  |c V*51890/O-23159  |l VVT  |s A  |a 24  |w stu178039_0002